Fundamentals of accounting (Record no. 367436)
[ view plain ]
| 000 -LEADER | |
|---|---|
| fixed length control field | 00702nam a22001937a 4500 |
| 003 - CONTROL NUMBER IDENTIFIER | |
| control field | 0 |
| 005 - DATE AND TIME OF LATEST TRANSACTION | |
| control field | 20250430122729.0 |
| 008 - FIXED-LENGTH DATA ELEMENTS--GENERAL INFORMATION | |
| fixed length control field | 250430b xxu||||| |||| 00| 0 eng d |
| 020 ## - INTERNATIONAL STANDARD BOOK NUMBER | |
| International Standard Book Number | 9786214271740 |
| 050 ## - LIBRARY OF CONGRESS CALL NUMBER | |
| Classification number | HF 5635 |
| Item number | .Ar77 2024 |
| 100 ## - MAIN ENTRY--PERSONAL NAME | |
| Personal name | Arriola, Reggie M. |
| 245 ## - TITLE STATEMENT | |
| Title | Fundamentals of accounting |
| Remainder of title | (partnership and corporation), volume ii |
| Statement of responsibility, etc | Reggie M. Arriola and Prackie Jay T. Acaylar |
| 260 ## - PUBLICATION, DISTRIBUTION, ETC. (IMPRINT) | |
| Place of publication, distribution, etc | Manila |
| Name of publisher, distributor, etc | Unlimited Books Library Services & Publishing Inc. |
| Date of publication, distribution, etc | c2024 |
| 300 ## - PHYSICAL DESCRIPTION | |
| Extent | x, 237 pages ; |
| Other physical details | |
| Dimensions | 28cm. |
| 650 ## - SUBJECT ADDED ENTRY--TOPICAL TERM | |
| Topical term or geographic name as entry element | Fundamentals, Accounting of. -- Partnership. |
| 650 ## - SUBJECT ADDED ENTRY--TOPICAL TERM | |
| Topical term or geographic name as entry element | Fundamentals, Accounting of-- Corporation. |
| 700 ## - ADDED ENTRY--PERSONAL NAME | |
| Personal name | Acaylar, Prackie Jay T. |
| 942 ## - ADDED ENTRY ELEMENTS (KOHA) | |
| Source of classification or shelving scheme | Library of Congress Classification |
| Koha item type | Books |
| Withdrawn status | Lost status | Source of classification or shelving scheme | Damaged status | Home library | Current library | Shelving location | Date acquired | Source of acquisition | Total Checkouts | Full call number | Barcode | Date last seen | Price effective from | Koha item type |
|---|---|---|---|---|---|---|---|---|---|---|---|---|---|---|
| Library of Congress Classification | College Library | College Library | Filipiniana Section | 04/30/2025 | Library Fund | HF 5635 .Ar77 2024 | C24558 | 04/30/2025 | 04/30/2025 | Books | ||||
| Library of Congress Classification | College Library | College Library | Filipiniana Section | 04/30/2025 | Library Fund | HF 5635 .Ar77 2024 | C24559 | 04/30/2025 | 04/30/2025 | Books | ||||
| Library of Congress Classification | College Library | College Library | Filipiniana Section | 04/30/2025 | Library Fund | HF 5635 .Ar77 2024 | C24560 | 04/30/2025 | 04/30/2025 | Books |